000 01179nam a2200253Ia 4500
003 OSt
005 20220930094914.0
006 a|||||r|||| 00| 0
007 ta
008 220926b |||||||| |||| 00| 0 hin d
024 _a35290
037 _cTheses
040 _aCRL
_cCRL
_bhin
041 _2hin
_ahin
100 _aगीता देवी, ले.
110 _aदिल्ली विश्वविद्यालय. कला संकाय. हिन्दी
_9556692
245 0 _aसाम्प्रदायिक परिदृश्य में जेंडर का प्रश्न (स्वातं×योत्तर प्रमुख हिन्दी उपन्यासों के संदर्भ में)।
246 _aSāmpradāyik paridṛushya mean jeanḍar kā prashna (swātan×yottar pramukh hindī upanyāsoan ke sandarbha mean)।
260 _c2016
300 _a299पृ.
_ap.
_ccm.
700 _aदिल्ली विश्वविद्यालय. कला संकाय. हिन्दी
_9556693
942 _cDIS
_2CC
999 _c887915
_d887915